• 首页
  • 本馆介绍
  • 公告通知
  • 最新文献
  • 馆藏检索
  • 电子资源
  • 读者导购
  • 参考咨询
  • 我的图书馆
  • 登录
  • 详细信息显示
  • 放入我的书架
  • 预约/预借图书
  • 作者相关作品
  • 分类相关作品
  • 丛书相关作品
  • 出版社相关作品

书目信息

  • 表格格式
  • 工作单格式
  • 卡片格式
书名: 拉伯雷与神话
作者: 孙超英著.
分册号: [专著] /
分册名:
出版地: 武汉 :
 
出版社: 武汉大学出版社
出版时间: 1996.
页数: 391页 ;
开本: 20cm.
丛书名:
中图分类号:
科图分类号:
其他分类号: I106.7
主题词:
电子资源:
000 00744nam 2200265 a 4500
001 E0737559382
005 20070307102634.25
008 961219d1996 ch 0 chi0
020    @a7-307-02169-2 :@cCNY14.50.
040    @aNLC@bchi
041    @achi @afre
090    @aI565.074 @v3
090    @aI106.7
092    @a47.13025
099    @dI106.7@ex10
100 1  @a孙超英 @4著
245 10 @a拉伯雷与神话@h[专著] / @c孙超英著.
246  1 @aLes mythologies de rabelais
260 1  @a武汉 :@b武汉大学出版社,@c1996.
300    @a391页 ;@c20cm.
500    @a并列题名:Les mythologies de rabelais
600 04 @a拉伯雷 @d1494-1553) @x长篇小说 @x文学研究 @x法文
600 04 @a拉伯雷 @d1494-1553)
650 04 @a文学研究
650 04 @a长篇小说
    
    拉伯雷与神话 [[专著] / ] / 孙超英著.-武汉 : : 武汉大学出版社, , 1996.
    391页 ; ; 20cm.
    并列题名:Les mythologies de rabelais
    
    ISBN 7-307-02169-2 :CNY14.50.
    
●
相关链接 在E读中查询图书 在五车中查询图书 在当当中查询图书 在豆瓣中查询图书


正题名:拉伯雷与神话     索取号:I106.7/x10         预约/预借

序号 登录号 条形码 馆藏地/架位号 状态 备注
1 0000326   300003261   第二样本阅览室/ [索取号:I106.7/x10] 在馆    
2 0000327   300003270   第四借阅区/ [索取号:I106.7/x10] 在馆    
唐山师范学院图书馆 欢迎您!
大连网信软件有限公司© 版权所有